000
00271nam a2200109Ia 4500
008
200302s9999 xx 000 0 und d
100
_a
Martin M. Pegler
245
_a
Storefronts & Facades / 5
260
_b
Retail Reporting Corporation
260
_c
1995
300
_a
207 P.,
999
_c
2082
_d
2082